000 00942aam a2200325 i 4500
001 768714001
003 CO-MdFUSB
005 20250520104445.0
007 ta
008 250520t1979 sp |||| |||| 00| 0 spa d
020 _a84-7228-431-X
040 _cCO-MdFUSB
041 0 _aspa
082 0 4 _223
_a248.4
_bB4742q
100 1 _aBenson, Carmen
_eautor
240 _aWhat about us who are not healed?
245 1 0 _a¿Qué ocurre con los que no somos sanados?
_c/ Carmen Benson ; traducido por Arnoldo Canclini
264 1 _bClie,
_aTerrassa, Barcelona, España :
_c[1987]
264 4 _c©1987
300 _a203 páginas
336 _atexto
_btxt
_2rdacontent
337 _2rdamedia
_asin mediación
_bn
338 _2rdacarrier
_avolumen
_bnc
563 _aRústico
650 0 _aVida cristiana
_919
650 7 _aSufrimiento
_9281
700 _aCanclini, Arnoldo,
_96055
_etraductor
942 _cBK
945 _aJTF-925
999 _c35675
_d35675